プロ野球 2010年以降 15勝以上を記録した投手 - Statistics

General Stats
  • This quiz has been taken 29 times
  • The average score is 30 of 40
Answer Stats
所属 選手名 勝利 % Correct
2021 オリックス 山本 由伸 18
96%
2022 オリックス 山本 由伸 15
96%
2023 オリックス 山本 由伸 16
96%
2017 巨人 菅野 智之 17
92%
2018 巨人 菅野 智之 15
92%
2023 DeNA 東 克樹 16
92%
2024 巨人 菅野 智之 15
92%
2010 広島 前田 健太 15
88%
2013 広島 前田 健太 15
88%
2015 広島 前田 健太 15
88%
2018 広島 大瀬良 大地 15
88%
2011 楽天 田中 将大 19
88%
2013 楽天 田中 将大 24
88%
2013 ヤクルト 小川 泰弘 16
85%
2016 広島 ジョンソン 15
81%
2010 オリックス 金子 千尋 17
81%
2013 オリックス 金子 千尋 15
81%
2013 楽天 則本 昂大 15
81%
2014 オリックス 金子 千尋 16
81%
2017 楽天 則本 昂大 15
81%
2019 日本ハム 有原 航平 15
81%
2018 西武 多和田 真三郎 16
77%
2011 中日 吉見 一起 18
73%
2016 広島 野村 祐輔 16
73%
2010 ソフトバンク 杉内 俊哉 16
73%
2015 日本ハム 大谷 翔平 15
73%
2011 巨人 内海 哲也 18
69%
2012 巨人 内海 哲也 15
69%
2010 ソフトバンク 和田 毅 17
65%
2011 日本ハム ダルビッシュ 有 18
65%
2011 ソフトバンク 和田 毅 16
65%
2016 ソフトバンク 和田 毅 15
65%
2017 ソフトバンク 東浜 巨 16
65%
2019 巨人 山口 俊 15
62%
2015 ロッテ 涌井 秀章 15
58%
2017 西武 菊池 雄星 16
54%
2012 ソフトバンク 攝津 正 17
50%
2013 ソフトバンク 攝津 正 15
50%
2017 広島 薮田 和樹 15
46%
2011 ソフトバンク ホールトン 19
27%
No matching quizzes found
Score Distribution
Percent of People with Each Score
Percentile by Number Answered
Your Score History
You have not taken this quiz